MARC
| LEADER | 00000nam a2200000Ia 4500 | ||
|---|---|---|---|
| 008 | 170316s9999 xx 000 0 und d | ||
| 040 | |a cru BVZT | ||
| 090 | |a 859 C-2a | ||
| 100 | |a Ciobanu, Nicolae | ||
| 245 | |a Antologie de proza scurta romaneasca | ||
| 260 | |a Bucarest, Rumania | ||
| 260 | |b Minerva | ||
| 260 | |c 1979 | ||
| 300 | |a 24 páginas N° 990 | ||
| 650 | |a LITERATURA RUMANA | ||
| 999 | |c 23643 |d 23643 | ||
| 942 | |c LIB |h 859 C-2a |2 z | ||
